| 000 | 00551nam a22001937a 4500 | ||
|---|---|---|---|
| 003 | MPLRDC | ||
| 005 | 20220104190115.0 | ||
| 008 | 210129b ||||| |||| 00| 0 eng d | ||
| 020 | _a978-957-13-5127-8 | ||
| 082 | _a226.965 DLLM | ||
| 100 | _a达赖喇嘛 DALAI LAMA、LAURENS VAN DEN MUYZENBERG | ||
| 245 |
_a领导之道 _c郑淑芬 译 |
||
| 250 | _a初版三刷 | ||
| 260 |
_a台湾 _b时报文化出版企业股份有限公司 _c2010 |
||
| 300 | _b精 | ||
| 490 | _a人生顾问 154 | ||
| 650 | _a藏传佛教 | ||
| 942 |
_cBK _o226.965 DLLM |
||
| 999 |
_c63628 _d63618 |
||